| 000 | 01542cam a2200337 a 4500 | ||
|---|---|---|---|
| 001 | 16719783 | ||
| 003 | ARRUPE | ||
| 005 | 20160811155429.0 | ||
| 008 | 110404s2010 tz a 000 0 eng d | ||
| 010 | _a 2011349208 | ||
| 020 | _a9789987080991 | ||
| 035 | _a(OCoLC)ocn693156826 | ||
| 040 |
_aYDXCP _cYDXCP _dNUI _dDLC |
||
| 041 | 1 |
_aeng _hswa |
|
| 042 |
_alccopycat _alcode |
||
| 050 | 0 | 0 |
_aDT449.N67 _bS57 2010 |
| 100 | 1 |
_aSiso, Zedekia Oloo. _924883 |
|
| 245 | 1 | 0 |
_aGrasp the shield firmly, the journey is hard : _ba history of Luo and Bantu migrations to North Mara, (Tanzania), 1850-1950 = Shikilia ngao vizuri, safari ni ngumu : historia ya Waluo na Wabantu kuhamia kaskazini mwa Mara (Tanzania) 1850-1950 / _cZedekia Oloo Siso ; edited by Jan Bender Shetler ; [Kiswahili translation by Peter Wanyande]. |
| 246 | 3 | 1 | _aShikilia ngao vizuri, safari ni ngumu |
| 260 |
_aDar es Salaam : _bMkuki Na Nyota Publishers, _c[2010] |
||
| 300 |
_axxiii, 349 p. : _bill. ; _c23 cm. |
||
| 546 | _aParallel texts in English with a Swahili translation on opposite pages. | ||
| 650 | 0 |
_aOral history _zNorth Mara District (Tanzania) _924884 |
|
| 650 | 0 |
_aOral history _zNorth Mara District (Tanzania) _vTranslations into Swahili. _924885 |
|
| 650 | 0 |
_aLuo (Kenyan and Tanzanian people) _xMigrations. _924886 |
|
| 700 | 1 |
_aShetler, Jan Bender. _924887 |
|
| 700 | 1 |
_aWanyande, Peter. _924888 |
|
| 906 |
_a7 _bcbc _ccopycat _d3 _encip _f20 _gy-gencatlg |
||
| 942 |
_2lcc _cMONOGRAPH |
||
| 999 |
_c124946 _d124946 |
||